Computer network security : (Record no. 23759)
[ view plain ]
| 000 -LEADER | |
|---|---|
| fixed length control field | 01225cam a22002655a 4500 |
| 001 - CONTROL NUMBER | |
| control field | 17440494 |
| 005 - DATE AND TIME OF LATEST TRANSACTION | |
| control field | 20161227120351.0 |
| 008 - FIXED-LENGTH DATA ELEMENTS--GENERAL INFORMATION | |
| fixed length control field | 120824t2012 gw a frb 101 0 eng d |
| 020 ## - INTERNATIONAL STANDARD BOOK NUMBER | |
| International Standard Book Number | 9783642337031 |
| 040 ## - CATALOGING SOURCE | |
| Original cataloging agency | HUA |
| Transcribing agency | HUA |
| Modifying agency | OCLCO |
| -- | DLC |
| -- | EG-ScBUE |
| Language of cataloging | eng |
| 082 04 - DEWEY DECIMAL CLASSIFICATION NUMBER | |
| Edition number | 22 |
| Classification number | 005.8 |
| Item number | COM |
| 111 2# - MAIN ENTRY--MEETING NAME | |
| Meeting name or jurisdiction name as entry element | International Workshop on Mathematical Methods, Models, and Architectures for Computer Network Security |
| Number of part/section/meeting | (6th : |
| Date of meeting | 2012 : |
| Location of meeting | Saint Petersburg, Russia) |
| 245 10 - TITLE STATEMENT | |
| Title | Computer network security : |
| Remainder of title | 6th international conference on mathematical methods, models and architectures for computer network security, MMM-ACNS 2012, St. Petersburg, Russia, October 17-19, 2012 : proceedings / |
| Statement of responsibility, etc | editors Igor Kotenko, Victor Skormin. |
| 260 ## - PUBLICATION, DISTRIBUTION, ETC. (IMPRINT) | |
| Place of publication, distribution, etc | Heidelberg : |
| Name of publisher, distributor, etc | Springer, |
| Date of publication, distribution, etc | c.2012. |
| 300 ## - PHYSICAL DESCRIPTION | |
| Extent | xiii, 318 p. : |
| Other physical details | ill. ; |
| Dimensions | 24 cm. |
| 490 0# - Series Statement | |
| Series statement | Lecture notes in computer science ; |
| Volume/sequential designation | 7531 |
| 504 ## - BIBLIOGRAPHY, ETC. NOTE | |
| Bibliography, etc | Includes bibliographical references and index. |
| 650 #7 - SUBJECT ADDED ENTRY--TOPICAL TERM | |
| Topical term or geographic name as entry element | Computer security |
| Form subdivision | Congresses. |
| Source of heading or term | BUEsh |
| 9 (RLIN) | 41088 |
| 650 #7 - SUBJECT ADDED ENTRY--TOPICAL TERM | |
| Topical term or geographic name as entry element | Computer networks |
| General subdivision | Security measures |
| Form subdivision | Congresses. |
| Source of heading or term | BUEsh |
| 651 ## - SUBJECT ADDED ENTRY--GEOGRAPHIC NAME | |
| Source of heading or term | BUEsh |
| 653 ## - INDEX TERM--UNCONTROLLED | |
| Resource For college | Informatics and Computer Science |
| Arrived date list | December2016 |
| 700 1# - ADDED ENTRY--PERSONAL NAME | |
| Personal name | Kotenko, Igor, |
| Relator term | editor. |
| 700 1# - ADDED ENTRY--PERSONAL NAME | |
| Personal name | Skormin, Victor A., |
| Dates associated with a name | 1946- |
| Relator term | editor. |
| 942 ## - ADDED ENTRY ELEMENTS (KOHA) | |
| Source of classification or shelving scheme | Dewey Decimal Classification |
| Withdrawn status | Item status | Source of classification or shelving scheme | Damaged status | Not for loan | Vendor | Home library | Current library | Shelving location | Date acquired | Source of acquisition | Cost, normal purchase price | Serial Enumeration / chronology | Total Checkouts | Full call number | Barcode | Date last seen | Cost, replacement price | Koha item type |
|---|---|---|---|---|---|---|---|---|---|---|---|---|---|---|---|---|---|---|
| Dewey Decimal Classification | Scientific home BookShop | Central Library | Central Library | Lower Floor | 27/12/2016 | Purchase | 550.00 | 2691 | 005.8 COM | 000040653 | 15/07/2025 | 687.50 | Book - Borrowing |